000 00582nam a2200193Ia 4500
003 SISC
005 20160823102537.0
008 140609s9999 xx 000 0 und d
020 _a9789810696306
050 _aHB 171.5
_b.C3123 2011
100 _aCase, Karl E.
245 _aPrinciples of economics /
_cKarl E. Case, Ray C. Fair, Sharon M. Oster.
250 _a10th ed.
260 _aSingapore :
_bPearson Education South Asia Pte Ltd.,
_c2011.
300 _a813 pages :
_bill. ;
_c26 cm.
500 _aIncludes glossary and index.
942 _kFOR
_cBK
_2lcc
999 _c118019
_d118019